Osso esfenoide - Statistics

Estatísticas Gerais
  • Esse quiz foi jogado 32 vezes
    27 desde o último reset
  • A pontuação média é 8 de 19
Estatísticas das Respostas
Hint Resposta % Correto
8 Fossa hipofisária
67%
18 Forame oval
60%
17 Forame redondo
60%
2 Jugo esfenoidal
53%
3 Sulco olfativo
53%
5 Limbo esfenoidal
47%
6 Sulco ótico
47%
9 Tubérculo da sela
47%
11 Processos clinóides anteriores
40%
13 Processos clinóides posteriores
40%
4 Prolongamento etmoidal do esfenoide
40%
16 Fissura orbitária superior
33%
19 (inconstante) Forame espinhoso
33%
20 (inconstante) Forame petroso
33%
14 Processos clinóides médios
33%
7 Forame ótico
20%
12 Lâmina quadrilátera
20%
10 Sulco do seio intercavernoso
20%
21 Língula
13%
Nenhum quiz correspondente encontrado
Distribuição das Pontuações
Porcentagem de Pessoas com Cada Pontuação
Percentil de Números Respondidos
Sua Pontuação Histórica
Você não jogou esse quiz desde o último reset